Vista normal
Vista MARC
Entrada Personal Name
Número de registros utilizados en: 7
001 - CONTROL NUMBER
- control field: 15608
003 - CONTROL NUMBER IDENTIFIER
- control field: DLC
005 - DATE AND TIME OF LATEST TRANSACTION
- control field: 20250905141023.0
008 - FIXED-LENGTH DATA ELEMENTS
- fixed length control field: 961024n| azannaabn |a aaa
010 ## - LIBRARY OF CONGRESS CONTROL NUMBER
- LC control number: n 96103575
035 ## - SYSTEM CONTROL NUMBER
- System control number: (OCoLC)oca04191809
035 ## - SYSTEM CONTROL NUMBER
- System control number: (CaEvSKY)skya4324618
040 ## - CATALOGING SOURCE
- Original cataloging agency: DLC
- Language of cataloging: spa
- Description conventions: rda
- Transcribing agency: Mx-PuUPA
- Modifying agency: OCoLC
- Modifying agency: DLC
- Modifying agency: MX-MxITA
- Modifying agency: Mx-PuUPA
100 1# - HEADING--PERSONAL NAME
- Personal name: Velázquez Flores, Rafael,
370 ## - ASSOCIATED PLACE
- Other associated place: Ciudad de México (México)
- Other associated place: Coral Gables (Florida)
- Other associated place: Mexicali (México)
371 ## - ADDRESS
- Electronic mail address: rafael.velazquez@cide.edu
372 ## - FIELD OF ACTIVITY
- Field of activity: Relaciones Internacionales
- Source of term: lcsh
373 ## - ASSOCIATED GROUP
- Associated group: Universidad Nacional Autónoma de México
- Associated group: Centro de Investigación y Docencia Económicas
- Associated group: Universidad de Miami
- Associated group: Universidad Autónoma de Baja California.Facultad de Economía
- Source of term: naf
374 ## - OCCUPATION
- Occupation: Profesor universitario
- Occupation: Coordinador
- Source of term: lcsh
375 ## - GENDER
- Gender: hombre
377 ## - ASSOCIATED LANGUAGE
- Language code: spa
400 1# - SEE FROM TRACING--PERSONAL NAME
- Personal name: Flores, Rafael Velázquez
400 1# - SEE FROM TRACING--PERSONAL NAME
- Personal name: Velázquez, Rafael
- Fuller form of name: (Velázquez Flores)
670 ## - SOURCE DATA FOUND
- Source citation: Introducción al estudio de la política ... 1995:
- Information found: t.p. (Rafael Velázquez Flores) back cover (prof., UNAM)
670 ## - SOURCE DATA FOUND
- Source citation: La agenda pendiente de la migración, 2012:
- Information found: t.p. (Rafael Velázquez Flores) p. 14, etc. (Rafael Velázquez; prof. of the Div. de Estudios Internacionales and of the licentiate in poli. sci. and intl. relations at CIDE; dr. in intl. studies, Univ. of Miami; lines of research: theory of intl. relations, Mexico-U.S. relations, Mexican foreign policy; rafael.velazquez@cide.edu)
670 ## - SOURCE DATA FOUND
- Source citation: Gobernanza global en un mundo interconectado, 2013:
- Information found: t.p. (Rafael Velázquez Flores) p. 236 (prof., Univ. Aut. de Baja California; former dir. of the teaching prog. in poli. sci. and intl. relations, CIDE)
670 ## - SOURCE DATA FOUND
- Source citation: Introducción al estudio de la política exterior de México (1821-2021), 2021:
- Information found: flap (full time professor-researcher at the Facultad de Economía y Relaciones Internacionales of the Universidad Autónoma de Baja California. B.A. and Master in International Relations)